| 000 | 00796cam a2200217 4500 | ||
|---|---|---|---|
| 001 | WB3606-25 | ||
| 008 | 000000n2000 000 0 eng u | ||
| 035 | _a(Sirsi) u104111 | ||
| 245 | _aAgents hit back | ||
| 260 | _c2000 | ||
| 490 |
_aEstates Gazette _v(0005) 5 February 2000, 44(1) |
||
| 520 | _aA group of leading residential agents are drawing up their own alternative to the ombudsman for estate agents scheme, which they believe is seriously flawed. They will submit the proposal to the trade and industry secretary. | ||
| 590 | _aWB | ||
| 650 | _aOMBUDSMAN FOR ESTATE AGENTS SCHEME | ||
| 650 | _aRESIDENTIAL AGENTS | ||
| 650 | _aESTATE AGENCY | ||
| 650 | _aSELF REGULATION | ||
| 650 | _aPROPERTY COMPANIES | ||
| 690 | _aPROPERTY AND LAND LAW-AGENCY-RESIDENTIAL | ||
| 942 | _n0 | ||
| 999 |
_c62486 _d62486 |
||